000 00587nam a22001937a 4500
005 20251108172437.0
008 250721s1999 xx 000 0 ara d
082 1 4 _a924.14/سلي
100 1 _aسليم، أمينة
245 1 0 _aالطوني البغدادي و آراؤه البلاغية و النقدية /
264 1 _aالقاهرة :
_bمكتبة وهبة،
_c1999.
300 _a240ص.
650 1 7 _aاللغة العربية
650 1 7 _aالتراجم
650 1 7 _aعلم البلاغة
650 1 7 _aالنقد الأدبي
942 _2ddc
_cBK
999 _c79464
_d79464